<?xml version="1.0" encoding="UTF-8"?><?xml-stylesheet type="text/xsl" href="static/style.xsl"?><OAI-PMH xmlns="http://www.openarchives.org/OAI/2.0/" xmlns:xsi="http://www.w3.org/2001/XMLSchema-instance" xsi:schemaLocation="http://www.openarchives.org/OAI/2.0/ http://www.openarchives.org/OAI/2.0/OAI-PMH.xsd"><responseDate>2026-04-18T01:26:27Z</responseDate><request verb="GetRecord" identifier="oai:www.recercat.cat:2445/222137" metadataPrefix="marc">https://recercat.cat/oai/request</request><GetRecord><record><header><identifier>oai:recercat.cat:2445/222137</identifier><datestamp>2026-01-29T19:00:55Z</datestamp><setSpec>com_2072_1057</setSpec><setSpec>col_2072_478777</setSpec><setSpec>col_2072_478917</setSpec></header><metadata><record xmlns="http://www.loc.gov/MARC21/slim" xmlns:dcterms="http://purl.org/dc/terms/" xmlns:xsi="http://www.w3.org/2001/XMLSchema-instance" xmlns:doc="http://www.lyncode.com/xoai" xsi:schemaLocation="http://www.loc.gov/MARC21/slim http://www.loc.gov/standards/marcxml/schema/MARC21slim.xsd">
   <leader>00925njm 22002777a 4500</leader>
   <datafield ind2=" " ind1=" " tag="042">
      <subfield code="a">dc</subfield>
   </datafield>
   <datafield ind2=" " ind1=" " tag="720">
      <subfield code="a">Prado Villegas, Patricia</subfield>
      <subfield code="e">author</subfield>
   </datafield>
   <datafield ind2=" " ind1=" " tag="720">
      <subfield code="a">Baeta Alacio, Marc</subfield>
      <subfield code="e">author</subfield>
   </datafield>
   <datafield ind2=" " ind1=" " tag="720">
      <subfield code="a">Mestre, Estel</subfield>
      <subfield code="e">author</subfield>
   </datafield>
   <datafield ind2=" " ind1=" " tag="720">
      <subfield code="a">Solís, Marco Antonio</subfield>
      <subfield code="e">author</subfield>
   </datafield>
   <datafield ind2=" " ind1=" " tag="720">
      <subfield code="a">Sanahuja Piera, Ignasi</subfield>
      <subfield code="e">author</subfield>
   </datafield>
   <datafield ind2=" " ind1=" " tag="720">
      <subfield code="a">Gairín, Ignasi</subfield>
      <subfield code="e">author</subfield>
   </datafield>
   <datafield ind2=" " ind1=" " tag="720">
      <subfield code="a">Camps Castellà, Judith</subfield>
      <subfield code="e">author</subfield>
   </datafield>
   <datafield ind2=" " ind1=" " tag="720">
      <subfield code="a">Falco, Silvia</subfield>
      <subfield code="e">author</subfield>
   </datafield>
   <datafield ind2=" " ind1=" " tag="720">
      <subfield code="a">Ballesteros, Manuel (Ballesteros Vázquez)</subfield>
      <subfield code="e">author</subfield>
   </datafield>
   <datafield ind2=" " ind1=" " tag="260">
      <subfield code="c">2025-07-10T11:09:45Z</subfield>
   </datafield>
   <datafield ind2=" " ind1=" " tag="260">
      <subfield code="c">2026-01-28T06:10:24Z</subfield>
   </datafield>
   <datafield ind2=" " ind1=" " tag="260">
      <subfield code="c">2024-01-29</subfield>
   </datafield>
   <datafield ind2=" " ind1=" " tag="260">
      <subfield code="c">2025-07-10T11:09:45Z</subfield>
   </datafield>
   <datafield ind2=" " ind1=" " tag="520">
      <subfield code="a">The Ebro Delta has become a major blue crab (Callinectes sapidus) fishery area in the NW Mediterranean, but there is limited information on factors controlling the abundance of populations in open waters, a crucial habitat for ovigerous females. Here, we use a stable isotope approach (δ15N and δ13C), to assess blue crab trophic position, the potential consumption of food items using mixing models, and the isotopic niche overlap with local commercial species. For Octopus vulgaris, a potential blue crab key predator, a trophic enrichment experiment was also conducted to further assess predation control in wild populations. The blue crab showed 1.6 times higher trophic position than in other habitats of the Ebro Delta, and similar to that found in the harbor crab, Liocarcinus depurator, and several predatory fish. Additionally, the isotopic niche of blue crabs showed overlaps from 46.2 to 14.9% with native predators, and mixing models also suggest even dietary contributions throughout the food web. For O. vulgaris, field results showed a trophic position of 3.93, lower than that of blue crab, and lower δ15N signatures were also obtained in a captivity experiment drawing negative fractionation (−1.1‰). We conclude that high dietary contribution of animal prey might provide a high protein diet that could be crucial for allowing the maintenance of a large local population, but the overall functional trophic similarity could also disfavor local native species. The similarity between experimental fractionation and field differences between predator and prey (−1.6‰) suggests that predation of blue crab is possible, but further research is needed to clarify the metabolic routes involved in octopus δ15N fractionation.</subfield>
   </datafield>
   <datafield tag="653" ind2=" " ind1=" ">
      <subfield code="a">Crustacis</subfield>
   </datafield>
   <datafield tag="653" ind2=" " ind1=" ">
      <subfield code="a">Invasions biològiques</subfield>
   </datafield>
   <datafield tag="653" ind2=" " ind1=" ">
      <subfield code="a">Ebre, Delta de l' (Catalunya)</subfield>
   </datafield>
   <datafield tag="653" ind2=" " ind1=" ">
      <subfield code="a">Crustacea</subfield>
   </datafield>
   <datafield tag="653" ind2=" " ind1=" ">
      <subfield code="a">Biological invasions</subfield>
   </datafield>
   <datafield tag="653" ind2=" " ind1=" ">
      <subfield code="a">Ebro River Delta (Catalonia)</subfield>
   </datafield>
   <datafield ind2="0" ind1="0" tag="245">
      <subfield code="a">Trophic role and predatory interactions between the blue crab Callinectes sapidus and native species in open waters of the Ebro Delta</subfield>
   </datafield>
</record></metadata></record></GetRecord></OAI-PMH>